| 000 | 00630nam a2200205Ia 4500 | ||
|---|---|---|---|
| 008 | 191130s1995##################000#0#eng## | ||
| 020 | _a521443148 | ||
| 022 | _a94031495 | ||
| 040 |
_aACL _cACL |
||
| 082 | _a330.16 LEV | ||
| 100 | _aLevine, David P | ||
| 245 |
_aWealth and freedom : an introduction to political economy _cDavid P. Levine |
||
| 260 |
_aCambridge _bCambridge University Press _c1995 |
||
| 300 | _ax, 191 p. : ill. ; 23 cm | ||
| 500 | _aIncludes bibliographical references (p. 185-188) and index | ||
| 650 | _aEconomics | ||
| 990 | _a027856d8ac10000c59b431a669236bd2 | ||
| 991 | _a43339 | ||
| 999 |
_c93300 _d93300 |
||